Three Missing Letters #2 - Statistics

General Stats
  • This quiz has been taken 17 times
  • The average score is 8 of 15
Answer Stats
Answer % Correct
A{SPH}ALT, {SPH}ERE, A{SPH}YXIA
93%
B{EHI}ND, V{EHI}CLE, MOL{EHI}LL
80%
SCH{OOL}, C{OOL}ANT, {OOL}OGY
80%
Z{EPH}YR, {EPH}EMERAL, AL{EPH}
73%
PR{OPO}SE, MON{OPO}LY, T{OPO}LOGY
67%
{UPH}OLD, {UPH}ILL, E{UPH}ORIA
67%
VO{ICE}, B{ICE}P, JU{ICE}
67%
SUL{FUR}, {FUR}NISH, {FUR}Y
60%
{BLE}ARY, A{BLE}, COB{BLE}R
47%
CR{ISI}S, RA{ISI}N, V{ISI}ON
47%
GL{IMM}ER, {IMM}UNE, SK{IMM}ED
33%
A{ERO}, H{ERO}, Z{ERO}
27%
{WRA}CK, {WRA}ITH, UN{WRA}P
27%
P{IXE}L, V{IXE}N, M{IXE}D
13%
L{AUG}H, {AUG}UR, G{AUG}E
0%
No matching quizzes found
Score Distribution
Percent of People with Each Score
Percentile by Number Answered
Your Score History
You have not taken this quiz